<?xml version="1.0" encoding="UTF-8"?>
<record
    xmlns:xsi="http://www.w3.org/2001/XMLSchema-instance"
    xsi:schemaLocation="http://www.loc.gov/MARC21/slim http://www.loc.gov/standards/marcxml/schema/MARC21slim.xsd"
    xmlns="http://www.loc.gov/MARC21/slim">

  <leader>01747cam a2200529 a 4500</leader>
  <controlfield tag="001">23482</controlfield>
  <controlfield tag="003">VRT</controlfield>
  <controlfield tag="005">20260624155752.0</controlfield>
  <controlfield tag="008">160812s2014    xo     e      000 f slo d</controlfield>
  <datafield tag="015" ind1=" " ind2=" ">
    <subfield code="a">SNBA2014/12</subfield>
  </datafield>
  <datafield tag="020" ind1=" " ind2=" ">
    <subfield code="a">9788089612161 (viaz.)</subfield>
  </datafield>
  <datafield tag="035" ind1=" " ind2=" ">
    <subfield code="a">EA3DF5FB-6501-4FBB-B5A0-9B5955413F43</subfield>
  </datafield>
  <datafield tag="035" ind1=" " ind2=" ">
    <subfield code="a">urn:nbn:sk:snk-amjp6c</subfield>
  </datafield>
  <datafield tag="035" ind1=" " ind2=" ">
    <subfield code="a">urn:nbn:sk:snk-am000wqn</subfield>
  </datafield>
  <datafield tag="039" ind1=" " ind2="9">
    <subfield code="a">201610120913</subfield>
    <subfield code="b">drlickoj</subfield>
    <subfield code="c">201610061307</subfield>
    <subfield code="d">argo</subfield>
    <subfield code="c">201608121011</subfield>
    <subfield code="d">dragulova</subfield>
    <subfield code="c">201608121008</subfield>
    <subfield code="d">dragulova</subfield>
  </datafield>
  <datafield tag="040" ind1=" " ind2=" ">
    <subfield code="a">POKPOH</subfield>
    <subfield code="b">slo</subfield>
    <subfield code="c">UKB</subfield>
    <subfield code="d">SNK</subfield>
    <subfield code="e">AACR2</subfield>
  </datafield>
  <datafield tag="041" ind1="1" ind2=" ">
    <subfield code="a">slo</subfield>
    <subfield code="h">fin</subfield>
  </datafield>
  <datafield tag="044" ind1=" " ind2=" ">
    <subfield code="a">xo</subfield>
    <subfield code="c">SK</subfield>
  </datafield>
  <datafield tag="072" ind1=" " ind2="7">
    <subfield code="a">821.51</subfield>
    <subfield code="x">Uralskoaltajsk&#xE9; literat&#xFA;ry</subfield>
    <subfield code="2">konspekt</subfield>
  </datafield>
  <datafield tag="072" ind1=" " ind2="7">
    <subfield code="a">821-93</subfield>
    <subfield code="x">Literat&#xFA;ra pre deti a ml&#xE1;de&#x17E; (beletria)</subfield>
    <subfield code="2">konspekt</subfield>
  </datafield>
  <datafield tag="080" ind1=" " ind2=" ">
    <subfield code="a">821.511.111-31</subfield>
    <subfield code="2">2004</subfield>
  </datafield>
  <datafield tag="080" ind1=" " ind2=" ">
    <subfield code="a">821-93</subfield>
    <subfield code="2">2004</subfield>
  </datafield>
  <datafield tag="080" ind1=" " ind2=" ">
    <subfield code="a">(0:82-312.4)</subfield>
    <subfield code="2">2004</subfield>
  </datafield>
  <datafield tag="100" ind1="1" ind2=" ">
    <subfield code="a">Simukka, Salla,</subfield>
    <subfield code="d">1981-</subfield>
  </datafield>
  <datafield tag="240" ind1="1" ind2="0">
    <subfield code="a">Punainen kuin veri.</subfield>
    <subfield code="l">Slovensky</subfield>
  </datafield>
  <datafield tag="245" ind1="1" ind2="1">
    <subfield code="a">[Snehulienka</subfield>
    <subfield code="n">1.]</subfield>
    <subfield code="p">&#x10C;erven&#xE1; ako krv</subfield>
    <subfield code="c">Salla Simukka ; [z f&#xED;nskeho origin&#xE1;lu prelo&#x17E;ila Zuzana Dr&#xE1;bekov&#xE1;]</subfield>
  </datafield>
  <datafield tag="246" ind1="3" ind2="0">
    <subfield code="a">&#x10C;erven&#xE1; ako krv</subfield>
  </datafield>
  <datafield tag="260" ind1=" " ind2=" ">
    <subfield code="a">Bratislava</subfield>
    <subfield code="b">Verbarium</subfield>
    <subfield code="c">2014</subfield>
  </datafield>
  <datafield tag="300" ind1=" " ind2=" ">
    <subfield code="a">256 s.</subfield>
  </datafield>
  <datafield tag="500" ind1=" " ind2=" ">
    <subfield code="a">1. &#x10D;as&#x165; tril&#xF3;gie Snehulienka, 2. Biela ako sneh, 3. &#x10C;ierna ako eben</subfield>
  </datafield>
  <datafield tag="653" ind1=" " ind2=" ">
    <subfield code="a">821.511.111-31</subfield>
  </datafield>
  <datafield tag="653" ind1=" " ind2=" ">
    <subfield code="a">821-93</subfield>
  </datafield>
  <datafield tag="653" ind1=" " ind2=" ">
    <subfield code="a">(0:82-312.4)</subfield>
  </datafield>
  <datafield tag="655" ind1=" " ind2="7">
    <subfield code="a">f&#xED;nske rom&#xE1;ny</subfield>
    <subfield code="2">UKBPH</subfield>
  </datafield>
  <datafield tag="655" ind1=" " ind2="7">
    <subfield code="a">publik&#xE1;cie pre ml&#xE1;de&#x17E;</subfield>
    <subfield code="2">UKBPH</subfield>
  </datafield>
  <datafield tag="655" ind1=" " ind2="7">
    <subfield code="a">thrillery (rom&#xE1;ny)</subfield>
    <subfield code="2">UKBPH</subfield>
  </datafield>
  <datafield tag="700" ind1="1" ind2=" ">
    <subfield code="a">Dr&#xE1;bekov&#xE1;, Zuzana,</subfield>
    <subfield code="d">1958-</subfield>
    <subfield code="4">trl</subfield>
  </datafield>
  <datafield tag="910" ind1=" " ind2=" ">
    <subfield code="a">sllk</subfield>
  </datafield>
  <datafield tag="910" ind1=" " ind2=" ">
    <subfield code="a">skpk</subfield>
  </datafield>
  <datafield tag="910" ind1=" " ind2=" ">
    <subfield code="a">snk</subfield>
  </datafield>
  <datafield tag="910" ind1=" " ind2=" ">
    <subfield code="a">totk</subfield>
  </datafield>
  <datafield tag="910" ind1=" " ind2=" ">
    <subfield code="a">hevk</subfield>
  </datafield>
  <datafield tag="910" ind1=" " ind2=" ">
    <subfield code="a">ukb</subfield>
  </datafield>
  <datafield tag="942" ind1=" " ind2=" ">
    <subfield code="2">ddc</subfield>
    <subfield code="c">KLDO</subfield>
    <subfield code="n">0</subfield>
  </datafield>
  <datafield tag="949" ind1=" " ind2=" ">
    <subfield code="6">1800699316</subfield>
    <subfield code="a">SJ.D.07931</subfield>
    <subfield code="b">PV.2016-9838</subfield>
  </datafield>
  <datafield tag="949" ind1=" " ind2=" ">
    <subfield code="6">1800699317</subfield>
    <subfield code="a">SK.D.75086</subfield>
    <subfield code="b">PV.2016-9839</subfield>
    <subfield code="s">6707:20161018</subfield>
  </datafield>
  <datafield tag="999" ind1=" " ind2=" ">
    <subfield code="c">23482</subfield>
    <subfield code="d">23482</subfield>
  </datafield>
  <datafield tag="952" ind1=" " ind2=" ">
    <subfield code="0">0</subfield>
    <subfield code="1">0</subfield>
    <subfield code="4">0</subfield>
    <subfield code="7">0</subfield>
    <subfield code="8">D</subfield>
    <subfield code="a">OKDRA</subfield>
    <subfield code="b">OKDRA</subfield>
    <subfield code="d">2026-06-24</subfield>
    <subfield code="l">1</subfield>
    <subfield code="p">4736500734</subfield>
    <subfield code="q">2026-07-24</subfield>
    <subfield code="r">2026-06-24 15:58:35</subfield>
    <subfield code="s">2026-06-24</subfield>
    <subfield code="w">2026-06-24</subfield>
    <subfield code="y">KLDO</subfield>
  </datafield>
</record>
